福音與犁: (Record no. 18822)
[ view plain ]
| 000 -LEADER | |
|---|---|
| fixed length control field | 00674nam a2200217Ia 4500 |
| 008 - FIXED-LENGTH DATA ELEMENTS--GENERAL INFORMATION | |
| fixed length control field | 200825s9999||||xx |||||||||||||| ||und|| |
| 020 ## - INTERNATIONAL STANDARD BOOK NUMBER | |
| International Standard Book Number | 9577272533 |
| 020 ## - INTERNATIONAL STANDARD BOOK NUMBER | |
| International Standard Book Number | 9789577272539 |
| 041 ## - LANGUAGE CODE | |
| Language code of text/sound track or separate title | chi |
| 050 ## - LIBRARY OF CONGRESS CALL NUMBER | |
| Classification number | BV3415 |
| Item number | .L54 2006 |
| 100 ## - MAIN ENTRY--PERSONAL NAME | |
| Personal name | 劉家鋒 |
| 245 #0 - TITLE STATEMENT | |
| Title | 福音與犁: |
| Remainder of title | 在華農業傳教之研究 / |
| Statement of responsibility, etc. | 劉家鋒 |
| 246 ## - VARYING FORM OF TITLE | |
| Title proper/short title | 福音与犁 : |
| Remainder of title | 在华农业传教之研究/ |
| 260 ## - PUBLICATION, DISTRIBUTION, ETC. | |
| Place of publication, distribution, etc. | 台北 : |
| Name of publisher, distributor, etc. | 基督教宇宙光全人關懷機構, |
| Date of publication, distribution, etc. | 2006 |
| 300 ## - PHYSICAL DESCRIPTION | |
| Extent | 189 p. |
| Other physical details | ; |
| Dimensions | 21 cm. |
| 490 ## - SERIES STATEMENT | |
| Series statement | 馬禮遜入華宣教200年紀念文集 |
| Volume/sequential designation | v. 27 |
| 650 ## - SUBJECT ADDED ENTRY--TOPICAL TERM | |
| Topical term or geographic name entry element | Church buildings China |
| 650 ## - SUBJECT ADDED ENTRY--TOPICAL TERM | |
| Topical term or geographic name entry element | Missions China. |
| 650 ## - SUBJECT ADDED ENTRY--TOPICAL TERM | |
| Topical term or geographic name entry element | Rural churches China. |
| Withdrawn status | Lost status | Damaged status | Not for loan | Home library | Current library | Shelving location | Date acquired | Total Checkouts | Full call number | Barcode | Date last seen | Price effective from | Koha item type |
|---|---|---|---|---|---|---|---|---|---|---|---|---|---|
| GETS Theological Seminary Library | GETS Theological Seminary Library | General Stacks | 08/25/2020 | BV3415 .L54 2006 | 00006178 | 08/25/2020 | 08/25/2020 | Chinese Book |